La Pobreza en América Latina y estrategias para superarla /
Uloženo v:
| Hlavní autor: | |
|---|---|
| Médium: | Text |
| Tagy: |
Přidat tag
Žádné tagy, Buďte první, kdo vytvoří štítek k tomuto záznamu!
|
MARC
| LEADER | 00000 a a2200000 04500 | ||
|---|---|---|---|
| 001 | 7481 | ||
| 003 | |||
| 040 | |||
| 100 | |a Grynspan Magufis, Rebeca | ||
| 245 | |a La Pobreza en América Latina y estrategias para superarla / |c Rebeca Grynspan Magufis | ||
| 500 | |a También publicado en la obra: Pobreza, exclusión y política social, Ed. por Rafael Menjívar Larín, Dirk Kruijt y Lieteke van Vucht Tijssen, FLACSO. Programa Costa Rica, Universidad de Utrecht, UNESCO. MOST. N. acceso interno: 14097.01-05 | ||
| 773 | |g número 8; páginas 4-18 | ||
| 999 | |c 30494 |d 30494 | ||
